000 004930000a22001810004500
020 _a0-8066-2224-5
041 0 _aENG
082 0 4 _aG 253 M4788c
100 1 _aHaugk, Kenneth C. (1945-)
245 1 0 _aChristian caregiving : A way of life / Kenneth C. Haugk, William J. McKay
260 _aMinneapolis, USA : Augsburg
300 _a159 Pag
001 6314
942 _cBK
999 _c36587
_d36587
336 _atexto
_btxt
_2rdacontent
337 _2rdamedia
_asin mediación
_bn
338 _2rdacarrier
_avolumen
_bnc